| 000 | 00565nam a2200145Ia 4500 | ||
|---|---|---|---|
| 008 | 170221s9999 xx 000 0 und d | ||
| 100 | _aOlga V. Bakanach | ||
| 245 | _aSmall Entrepreneurship in Russia: Development Trends, Structural Changes, Rating Assessment of Regions | ||
| 245 | _cOlga V. Bakanach, Tatiana A. Dubrova, Mikhail A. Esenin, Svetlana V. Blinova | ||
| 260 | _bInternational Review of Management and Marketing | ||
| 260 | _c2016 | ||
| 300 | _a6 : 5S | ||
| 650 | _xMarketing. | ||
| 856 | _uhttp://www.econjournals.com/index.php/irmm/issue/view/83 | ||
| 999 |
_c308466 _d308466 |
||